[Event "Mar de Ajo op"]
[Site "Mar de Ajo"]
[Date "2018.10.26"]
[Round "1.5"]
[White "Falcon, Lucas"]
[Black "Iniguez, Miguel Angel"]
[Result "1-0"]
[WhiteElo "1793"]
[BlackElo "1312"]
[PlyCount "65"]
[EventDate "2018.10.26"]
[EventType "swiss"]
[EventRounds "6"]
[EventCountry "ARG"]
[SourceTitle "EXT 2024"]
[Source "ChessBase"]
[SourceDate "2023.10.10"]
[SourceVersion "1"]
[SourceVersionDate "2023.10.10"]
[SourceQuality "1"]

1. Nf3 Nc6 2. d4 d5 3. h3 Nf6 4. c4 e6 5. Bg5 Bb4+ 6. Nc3 dxc4 7. e4 h6 8. Bxf6 Qxf6 9. Bxc4 0-0 10. 0-0 a6 11. a3 Be7 12. e5 Qg6 13. Ne2 f6 14. Nf4 Qf7 15. Nxe6 Bxe6 16. d5 Nxe5 17. Nxe5 fxe5 18. dxe6 Qf4 19. Qc2 Kh8 20. Ba2 Rac8 21. Bb1 e4 22. Qxe4 Qxe4 23. Bxe4 c6 24. Bg6 Bf6 25. Rad1 Rc7 26. Rfe1 Be7 27. Rd7 Rfc8 28. Red1 Rxd7 29. Rxd7 Bf6 30. e7 Bxe7 31. Rxe7 c5 32. Rxb7 c4 33. Ra7 1-0

[Event "Pinamar U2200"]
[Site "Pinamar"]
[Date "2018.08.24"]
[Round "1"]
[White "Iniguez, Miguel Angel"]
[Black "Videla, Gaston"]
[Result "0-1"]
[WhiteElo "1421"]
[BlackElo "1783"]
[PlyCount "57"]
[EventDate "2018.08.24"]
[EventType "swiss"]
[EventRounds "6"]
[EventCountry "ARG"]
[SourceTitle "EXT 2024"]
[Source "ChessBase"]
[SourceDate "2023.10.10"]
[SourceVersion "1"]
[SourceVersionDate "2023.10.10"]
[SourceQuality "1"]

1. Nf3 Nf6 2. Nc3 d5 3. d4 Bg4 4. e3 e6 5. Be2 Bb4 6. 0-0 0-0 7. Ne5 Bxe2 8. Nxe2 Nc6 9. Nd3 Bd6 10. a3 e5 11. dxe5 Nxe5 12. f3 c6 13. Nxe5 Bxe5 14. c3 Qc7 15. f4 Bd6 16. Ng3 Rfe8 17. Nf5 Bc5 18. Ng3 Bxe3+ 19. Bxe3 Rxe3 20. Re1 Rae8 21. Rxe3 Rxe3 22. Qf1 Qb6 23. Kh1 Qxb2 24. Rb1 Qxc3 25. Rxb7 Re1 26. Rb8+ Ne8 27. Rxe8+ Rxe8 28. Ne2 Rxe2 29. Qxe2 0-1